000 00706cam a22002411 4500
001 l 48000026
003 DLC
005 20260227111540.0
008 921102s1948 dcua f000 0 eng c
010 _al 48000026
035 _a(OCoLC)26897481
040 _aU.S. Dept. of Labor. Library
_cCLU
_dDLC
042 _apremarc
050 0 0 _aHD7262
_b.U62 1948
082 _a331.823
110 1 _aUnited States.
_bBureau of Labor Standards.
245 1 0 _aButch learned the hard way.
260 _a[Washington,
_c1948]
300 _a[16] p.
_billus.
_c14 cm.
490 1 _aIts Bulletin,
_vno. 95
650 0 _aIndustrial accidents.
830 0 _aBulletin (United States. Bureau of Labor Standards) ;
_v95.
999 _c36600
_d36600